000
00245nam a2200097Ia 4500
008
120527s9999 xx 000 0 und d
100
_a
Nat.Extension College.
245
_a
Introduction to word processing.
260
_b
Learn direct.
942
_c
BK
999
_c
23803
_d
23803